| 000 | 00644nam a22002177a 4500 | ||
|---|---|---|---|
| 003 | OSt | ||
| 005 | 20181004144404.0 | ||
| 008 | 181004b xxu||||| |||| 00| 0 eng d | ||
| 020 | _a9780781765985 | ||
| 040 | _cDNLM | ||
| 082 | _aQV21 C348c 2008 | ||
| 100 |
_aBeardsley, Robert S.; Kimberlin, Carole L.; Tindall, William N. _912712 |
||
| 245 | _aCommuniction Skills in Pharmacy Practice | ||
| 250 | _a5th ed. | ||
| 260 | _aPhiladelphia; Wolters Kluwer, 2008 | ||
| 300 | _axxii,242p; ill: 22cm | ||
| 504 | _aReferences, & index included | ||
| 650 |
_aPharmacy practice _912700 |
||
| 650 |
_aCommunication skills _92197 |
||
| 942 |
_2z _cSLOAN |
||
| 999 |
_c6155 _d6155 |
||